000 00668nam a2200253Ia 4500
003 OSt
005 20220927105343.0
006 a|||||r|||| 00| 0
007 ta
008 220926b |||||||| |||| 00| 0 eng d
020 _a8180692914
024 _a196008
037 _cReference Collections
040 _aRTL
_cRTL
_beng
041 _2eng
_aeng
082 _a"X7.2, N7"
100 _aGANGULY S.P.
_9371912
245 0 _aControl over public finance in India
250 _a2
260 _aNew
_b"Delhi, Concept Publishing, "
_c1997
300 _a160p
_ccm.
942 _h"X7.2, N7"
_cCC
999 _c692069
_d692069